书目信息 |
| 题名: |
服装材料与设计应用
|
|
| 作者: | 李丹月 主编 | |
| 分册: | ||
| 出版信息: | 北京 化学工业出版社 2018.11 |
|
| 页数: | 188页 | |
| 开本: | 24cm | |
| 丛书名: | ||
| 单 册: | ||
| 中图分类: | TS941.15 , TS941.2 | |
| 科图分类: | ||
| 主题词: | 服装--fu zhuang--材料 , 服装设计--fu zhuang she ji | |
| 电子资源: | ||
| ISBN: | 978-7-122-32815-1 | |
| 000 | 00981nam0 2200253 450 | |
| 001 | 1953086084 | |
| 005 | 20191106144511.46 | |
| 010 | @a978-7-122-32815-1@dCNY49.00 | |
| 100 | @a20181121d2018 em y0chiy50 ea | |
| 101 | 0 | @achi |
| 102 | @aCN@b110000 | |
| 105 | @aak a 000yy | |
| 200 | 1 | @a服装材料与设计应用@Afu zhuang cai liao yu she ji ying yong@f李丹月主编 |
| 210 | @a北京@c化学工业出版社@d2018.11 | |
| 215 | @a188页@c图 (部分彩图)@d24cm | |
| 320 | @a有书目 (第188页) | |
| 330 | @a本书主要介绍了服装材料中纤维、纱线、服用织物设计及织物染整等相关概念 ; 同时介绍了传统服装面料、国内外新型纺织服装面料的服用性能特点, 对服装面料的鉴别方法及保养方法进行了归纳总结, 并以服装设计为载体, 阐述了服装材料是如何在服装设计的各个环节中得到应用的。 | |
| 606 | 0 | @a服装@Afu zhuang@x材料 |
| 606 | 0 | @a服装设计@Afu zhuang she ji |
| 690 | @aTS941.15@v5 | |
| 690 | @aTS941.2@v5 | |
| 701 | 0 | @a李丹月@Ali dan yue@4主编 |
| 801 | 0 | @aCN@b人天书店@c20181121 |
| 905 | @aBZT@dTS941.15@e2 | |
| 服装材料与设计应用/李丹月主编.-北京:化学工业出版社,2018.11 |
| 188页:图 (部分彩图);24cm |
| ISBN 978-7-122-32815-1:CNY49.00 |
| 本书主要介绍了服装材料中纤维、纱线、服用织物设计及织物染整等相关概念 ; 同时介绍了传统服装面料、国内外新型纺织服装面料的服用性能特点, 对服装面料的鉴别方法及保养方法进行了归纳总结, 并以服装设计为载体, 阐述了服装材料是如何在服装设计的各个环节中得到应用的。 |
| ● |
| 相关链接 |
|
|
|
正题名:服装材料与设计应用
索取号:TS941.15/2
 
预约/预借
| 序号 | 登录号 | 条形码 | 馆藏地/架位号 | 状态 | 备注 |
| 1 | 860174 | 2000860174 | 第二书库/ [索取号:TS941.15/2] | 在馆 | |
| 2 | 860175 | 2000860175 | 第二书库/ [索取号:TS941.15/2] | 在馆 | |
| 3 | 860176 | 2000860176 | 第二书库/ [索取号:TS941.15/2] | 在馆 |